000 00273nam a2200109Ia 4500
001 1272349
005 20260417151426.0
008 260417s9999 xx 000 0 und d
020 _a9786256999558
245 0 _aKüçük Şehzade
_cCahit Zarifoğlu
260 _bKetebe Çocuk
999 _c1272349
_d1272349